On This Day: June 30th Quiz Stats

 Plays Quiz Updated Jun 30, 2017

Support Sporcle.
Go Orange.
Score 0/7 Timer 03:00
1 Play Today
Question Answer Wrong Answers
This athlete, the most decorated Olympian of all time, is born.
1985
Michael Phelps
84.4%
Usain Bolt
8.5%
Ryan Lochte
1.1%
Apolo Ohno
1.1%
Sometimes called the Huxley–Wilberforce debate, a debate on this takes place at the Oxford University Museum of Natural History.
1860
Evolution
76%
Churches and Taxes
10%
Death Penalty
9%
Gold Standard
4.7%
This Abyssinian emperor appeals for aid to the League of Nations against Italy's invasion of his country.
1936
Haile Selassie
70.7%
Menelik II
10.2%
Mengistu Haile Mariam
7.7%
Kwame Nkrumah
8.2%
Partly in response to this novel by Upton Sinclair, the US Congress passes the Meat Inspection Act and Pure Food and Drug Act.
1906
The Jungle
70.1%
The Brass Check
6.9%
The Corporation
17.9%
Prisoners of Myth
4.1%
The first of these sports cars manufactured by Chevrolet rolls off the assembly line in Flint, Michigan.
1953
Corvette
68.3%
Impala
7%
Viper
2.1%
Mustang
18.6%
US President Warren G. Harding appoints former President William Howard Taft to this position.
1921
Chief Justice
56.1%
Secretary of State
22%
Ambassador to the UK
6.6%
Attorney General
13.4%
The first leap ______ is added to the UTC time system.
1972
Second
36%
Year
54.3%
Month
1.4%
Hour
3.9%

You're not logged in!

Compare scores with friends on all Sporcle quizzes.
OR
Log In
Forgot?

From the Vault

60 Second Blitz: Countries

by miyomiyo1

Here is a tip, don't start with Antigua and Barbuda.
Remove Ads.
Support Sporcle.
Get the best of Sporcle when you Go Orange. This ad-free experience offers more features, more stats, and more fun while also helping to support Sporcle. Thank you for becoming a member.

Show Comments

Extras

Top Quizzes Today


Score Distribution

Your Account Isn't Verified!

In order to create a playlist on Sporcle, you need to verify the email address you used during registration. Go to your Sporcle Settings to finish the process.

Report this User

Report this user for behavior that violates our Community Guidelines.

Details: